Výchova k voľbe povolania

Bibliographic Details
Main Author: Ďuričeková, Magdaléna, 1948-2018 (Author)
Format: Article
Language:Slovak
Subjects:

MARC

LEADER 00000nab a2200000 a 4500
001 vtls000006827
003 SK-MaSNL
005 20260303214532.0
008 140301c1978 xo 0 slo
015 |a SNBRB19rr/mm-uuuuu 
035 |a CL0016920 
040 |a SNKBUCL  |b slo  |c SNKBUCL  |e AACR2 
041 0 |a slo 
044 |a xo  |c SK 
080 |a 37.04  |2 1981 
100 1 |a Ďuričeková, Magdaléna,  |d 1948-2018  |4 aut  |9 114826 
245 1 0 |a Výchova k voľbe povolania  |c M. Ďuríčeková 
650 0 7 |a žiaci  |2 snkbucl  |9 16621 
650 0 7 |a výchova k voľbe povolania  |2 snkbucl  |9 979744 
655 7 |a články z novín a časopisov  |2 snkbucl  |9 267496 
773 0 |t Učiteľské noviny  |g Roč. 28, č. 36 (1978), s. 1 
850 |a Slovenská národná knižnica v Martine  |a MTA001 
852 |a SNK  |b KIS3GCP 
958 |a RK 
992 |a RBX 
999 |c 2217495  |d 2219425